000 00419nam a2200109Ia 4500
008 160909s9999 xx 000 0 und d
100 _aFlores-Vargas, Jovanna
245 _aProject for medical social workers to reduce readmission among older adults: A grant proposal
260 _bCalifornia State University, Long Beach.
_c2016
650 _aNursing
856 _uhttp://pqdtopen.proquest.com/doc/1776157940.html?FMT=ABS
999 _c303904
_d303904